Statistiques concernant Culture Générale - Série 1830

Cliquez ici pour prendre le quiz!

Statistiques générales

  • Ce quiz a été pris 94 fois
  • Le résultat moyen est 4 sur 10

Statistiques - réponses

QuestionRéponse% Correct
De quel département français Guéret est-elle la préfecture ?Creuse
67%
On appelle familièrement le Crédit municipal, le mont-de-piété : "ma ...tante
55%
Quel mot sert à désigner une dictature militaire et en particulier le gouvernement ou directoire, formé le plus souvent d'officiers ?junte
53%
Quelle céréale peut être affectée par le champignon appelé "ergot" ?seigle
51%
Sous quel nom de scène connait-on mieux Sylvette Herry ?Miou-Miou
41%
Dans quelle communauté autonome d'Espagne se trouve la ville de Lugo ?Galice
28%
Dans la mythologie grecque, quel est le roi de Troie, au moment de la guerre de Troie ?Priam
26%
Quel nom donne-t-on au joueur de pelote basque ?pelotari
23%
Quel autre nom porte le chêne vert ?yeuse
10%
La hie est un outil pour enfoncer les pavés, que l'on appelle familièrement : ....demoiselle
7%

Distribution des résultats

Percentile par nombre de réponses

% des personnes avec chaque résultat

Votre développement - résultats

Vous n’avez pas pris ce quiz